<The> Cocoa Industry in Malaysia

Guardado en:
Detalles Bibliográficos
Autor principal: Rahman, Abdul Aziz Abdul
Formato: Libro
Lenguaje:inglés
Publicado: Kiel Institut für Weltwirtschaft 1990
Edición:1. ed.
Colección:Working Paper No.449
Etiquetas: Agregar Etiqueta
Sin Etiquetas, Sea el primero en etiquetar este registro!

MARC

LEADER 00000nam a2200000 4500
001 c022013
005 20221215113438.2
041 0 |a eng 
044 |a DE 
245 1 0 |a <The> Cocoa Industry in Malaysia  |c Abdul Aziz Abdul Rahman 
250 |a 1. ed. 
264 1 |a Kiel  |b Institut für Weltwirtschaft  |c 1990 
300 |a 39 s. 
490 1 |a Working Paper  |v No.449 
830 0 |a Working Paper  |v No.449 
100 1 |a Rahman, Abdul Aziz Abdul